|
|
|
|
| LEADER |
00000nab a2200000ua 4500 |
| 001 |
vtls010831210 |
| 003 |
SK-MaSNL |
| 005 |
20260303144615.0 |
| 008 |
230222s2006 xo |||||||||||||||||slo| |
| 035 |
|
|
|a (urnnbn)urn:nbn:sk:snk:ar-a06ipd
|
| 035 |
|
|
|a urn:nbn:sk:snk-ab5w5f
|
| 035 |
|
|
|a (uuid)8d3ae844-1dff-40e7-a60e-2f0db0b332bc
|
| 040 |
|
|
|a SNKBUCL
|b slo
|c SNKBUCL
|e AACR2
|
| 041 |
0 |
|
|a slo
|
| 044 |
|
|
|a xo
|c SK
|
| 100 |
1 |
|
|a Rusnák, Juraj,
|d 1951-
|4 aut
|9 168184
|
| 245 |
1 |
0 |
|a KONŠTRUKČNÝ NÁVRH KLZNEJ DVOJICE SKÚŠOBNÉHO STROJA TRIBOTESTOR M"06 PRE PODMIENKY HYDRODYNAMICKÉHO MAZANIA
|c Jura Rusnák, Milan Kadnár
|
| 246 |
3 |
|
|a BEARING PAIR DESIGN OF A TRIBOTESTOR M"06 TESTING MACHINE FOR CONDITIONS OF HYDRODYNAMIC LUBRICATION
|
| 700 |
1 |
|
|a Kadnár, Milan
|4 aut
|9 650339
|
| 773 |
0 |
|
|t Acta technologica agriculturae : vedecký časopis pre mechanizáciu poľnohospodárstva
|g Roč. 9, č. 1 (2006), s. 23-26
|
| 954 |
|
|
|a odborná, vedecká literatúra pôvodná (slovenská)
|2 lita
|
| 958 |
|
|
|a OND
|
| 958 |
|
|
|a EUIPO
|
| 958 |
|
|
|a article5
|
| 999 |
|
|
|c 1998024
|d 1999954
|